000 00921nas a2200289 4500
001 BR2014002750
003 BR-BrBNA
005 20231205123946.0
007 ta
008 230509b bl.|||p| |||| 00| 00por d
040 _aBR-BrBNA
_bpor
_cBiblioteca Nacional de Agricultura
041 _a(En)
072 _aH10
100 1 _aZanuncio, J.C.
100 1 _aMatos Neto, F. da C.
100 1 _aTavares, W. de S.
100 1 _aCruz, I.
100 1 _aLeite, G.L.D.
100 1 _aSerrão, J.E.
245 1 _aFunctional and numerical responses and reproduction of Campoletis flavicincta parasitizing Spodoptera frugiperda caterpillars
650 _aLAGARTA
650 _aPRAGA DE PLANTA
650 _aCONTROLE BIOLÓGICO
773 0 _tActa Scientiarum. Agronomy (Brazil)
_xISSN 1679-9275
_g(Oct-Dec 2013), v. 35(4) p. 419-426
_wBR2014002750
909 _a202311
_bLúcia
_c55
_dLúcia Elande
942 _2AGRIS
_n0
_cANA
999 _c236612
_d236612